000 00451nam a2200145Ia 4500
008 180705s9999 xx 000 0 und d
020 _a9786218029071
100 _aMillan, Zues Vernon B.
245 _cZues Vernon B. Millan.
_aFinancial accounting & reporting:
_bpart 1a /
250 _a2017 ed
260 _aBaguio City:
_bBandolin enterprise
_c2017
300 _axvi, 776 pages
650 _aAccounting.
650 _aFinancial reports--Philippines.
999 _c358158
_d358158